000 00694nam a2200289Ia 4500
005 20260324124716.0
008 008 260324s9999 xx 000 0 eng d
020 _a9781843927754
037 _aEBOOK
040 _aCRL
040 _beng
040 _cCRL
041 _2eng
041 _aeng
084 _qCRL
100 _aDavid J. Cox
_91175203
245 2 _aA Certain Share of Low Cunning
245 2 _bA History of the Bow Street Runners, 1792-1839
260 _bTaylor and Francis
260 _c2010
365 _a
365 _b230
856 _uhttp://www.taylorfrancis.com/books/9781843927754
942 _cEBOOK
999 _c1769803
_d1769803